Karikatúra demokracie a objektívnosti
Manipulácia s inteligenciou a ohlupovanie obyčajných ľudí v programe médií. Odbúranie kritického myslenia inteligencie. Limitovanie časom. Nepriame metódy manipulácie. Vplyv propagandy na ohlupovanie ľudí. Hranie novinárskej slobody.
Gespeichert in:
| 1. Verfasser: | |
|---|---|
| Format: | Buchkapitel |
| Sprache: | Slowakisch |
| Schlagworte: | |
| Tags: |
Keine Tags, Fügen Sie das erste Tag hinzu!
|
MARC
| LEADER | 00000naa$a2200000$$$4500 | ||
|---|---|---|---|
| 001 | 0070147 | ||
| 005 | 20231016085726.6 | ||
| 041 | 0 | |a slo | |
| 044 | |a SK | ||
| 245 | 1 | 0 | |a Karikatúra demokracie a objektívnosti |c Ľuboš Blaha |
| 520 | |a Manipulácia s inteligenciou a ohlupovanie obyčajných ľudí v programe médií. Odbúranie kritického myslenia inteligencie. Limitovanie časom. Nepriame metódy manipulácie. Vplyv propagandy na ohlupovanie ľudí. Hranie novinárskej slobody. | ||
| 610 | 2 | 0 | |a sloboda |
| 610 | 2 | 0 | |a novinárstvo |
| 610 | 2 | 0 | |a médiá |
| 610 | 2 | 0 | |a propagácia |
| 100 | 1 | |a Blaha, Ľuboš | |